| 000 | 00684nam a2200205 a 4500 | ||
|---|---|---|---|
| 082 | 0 | 0 |
_a625.85 _bASP _cL-21, P-40 |
| 245 | 0 | 0 |
_aAsphalt paving manual / _cthe Asphalt Institute. |
| 250 | _a1st ed. | ||
| 260 |
_a[College Park, Md.] : _bThe Institute, _c1960. |
||
| 300 |
_ax, 138 p. : _bill. ; _c23 cm. |
||
| 490 | 1 | _aManual series / The Asphalt Institute ; | |
| 500 | _aIncludes index. | ||
| 526 |
_a0 _b0 _c0 _d625_850000000000000_ASP |
||
| 526 |
_a0 _b0 _c0 _d625_850000000000000_ASP |
||
| 526 |
_a0 _b0 _c0 _d625_850000000000000_ASP |
||
| 650 | 0 |
_aMCE _9379 |
|
| 650 | 0 |
_aPavements, Asphalt _xDesign and construction. _921619 |
|
| 710 | 2 |
_aAsphalt Institute. _913616 |
|
| 942 |
_2ddc _cBK |
||
| 999 |
_c547724 _d547724 |
||